La edad neolítica en Vélez Blanco / (Record no. 83104)

MARC details
000 -LEADER
campo de control de longitud fija 01042nam a2200241 i 4500
001 - NÚMERO DE CONTROL
campo de control 83104
003 - IDENTIFICADOR DE NÚMERO DE CONTROL
campo de control ES-MaACL
005 - FECHA Y HORA DE LA ÚLTIMA TRANSACCIÓN
campo de control 20250907063051.0
007 - CAMPO FIJO DE DESCRIPCIÓN FÍSICA--INFORMACIÓN GENERAL
campo de control de longitud fija t|
008 - DATOS DE LONGITUD FIJA--INFORMACIÓN GENERAL
campo de control de longitud fija 310518s1918 sp a |||| | spa d
100 1# - ENTRADA PRINCIPAL--NOMBRE DE PERSONA
Nombre de persona Motos, Federico de,
Fechas asociadas al nombre 1865-1931
9 (RLIN) 152477
245 10 - MENCIÓN DEL TÍTULO
Título La edad neolítica en Vélez Blanco /
Mención de responsabilidad, etc. por Federico de Motos.
260 ## - PUBLICACIÓN, DISTRIBUCIÓN, ETC.
Lugar de publicación, distribución, etc. Madrid :
Nombre del editor, distribuidor, etc. Museo Nacional de Ciencias Naturales,
Fecha de publicación, distribución, etc. 1918.
300 ## - DESCRIPCIÓN FÍSICA
Extensión 81 p. :
Otras características físicas il. ;
Dimensiones 27 cm.
490 1# - MENCIÓN DE SERIE
Mención de serie Comisión de Investigaciones Paleontológicas y Prehistóricas.
-- Memoria ;
Designación de volumen o secuencia 19
594 ## - Nota al título y mención de responsabilidad
Nota al título y mención de responsabilidad Precede al tít.: Junta para la Ampliación de Estudios e Investigaciones Científicas.
650 #4 - PUNTO DE ACCESO ADICIONAL DE MATERIA--TÉRMINO DE MATERIA
Término de materia o nombre geográfico como elemento de entrada Neolítico-
Subdivisión geográfica Vélez-Blanco.
9 (RLIN) 164875
651 #4 - PUNTO DE ACCESO ADICIONAL DE MATERIA--NOMBRE GEOGRÁFICO
Nombre geográfico Vélez-Blanco-
Subdivisión general Restos arqueológicos prehistóricos.
9 (RLIN) 164876
710 2# - ENTRADA AGREGADA--NOMBRE DE ENTIDAD CORPORATIVA
Nombre de entidad corporativa o nombre de jurisdicción como elemento de entrada Junta para la Ampliación de Estudios e Investigaciones Científicas.
9 (RLIN) 5413
830 00 - PUNTO DE ACCESO ADICIONAL DE SERIE-TÍTULO UNIFORME
Título uniforme Comisión de Investigaciones Paleontológicas y Prehistóricas. Memoria
Designación de volumen o secuencia 19
9 (RLIN) 183771
852 ## - LOCALIZACIÓN
Ubicación ES-MaACL
Número de control de estantería B-13004(4)
Holdings
Estatus retirado Estado de pérdida Estado de daño No para préstamo Biblioteca de origen Biblioteca actual Ubicación en estantería Fecha de adquisición Fuente de adquisición Total de préstamos Signatura topográfica completa Código de barras Visto por última vez Precio de reemplazo Tipo de ítem Koha
        Biblioteca del Ateneo de Madrid Biblioteca del Ateneo de Madrid Sala Pardo Bazán 31/05/2018     B-13004(4) 1198929 23/02/2023 23/02/2023 Libro impreso